000 00546nam a2200193Ia 4500
005 20250326130921.0
008 250326s9999 xx 000 0 und d
037 _aTextbook
040 _aFMSL
_beng
_cFMSL
041 _aeng
_2eng
084 _aX:51 N4
_qFMSL
100 _aKidwell D S
_9741728
245 0 _aFicial Institutions, Markets, and Money
_cKidwell D S; Peterson R Kl
250 _aEd 2
260 _aNew York
_bNew York, The Dryden Press
_c1994
300 _a645p
942 _cTB
_hX:51 N4
999 _c1284690
_d1284690